| 000 | 00466nam a2200181Ia 4500 | ||
|---|---|---|---|
| 001 | 44333 | ||
| 008 | 140428s9999 xx 000 0 und d | ||
| 020 | _aNA | ||
| 040 | _cPK-LaUMT | ||
| 082 |
_aRHC 891.4393 _bMAH-N |
||
| 100 | _aMahmood Baig Rahat | ||
| 245 |
_aNataaij ul maani (Urdu) _cMahmood Baig Rahat |
||
| 260 |
_aLahore,Pakistan: _bMajlas-e-Taraqi Adab, _c1967 |
||
| 300 | _a207 p. | ||
| 546 | _aUR | ||
| 650 | _aPakistani literautre-Urdu | ||
| 942 | _cBK | ||
| 999 |
_c42326 _d42326 |
||